Economics in action: readings in current economic issues
Guardat en:
| Autors principals: | , |
|---|---|
| Format: | Llibre |
| Idioma: | anglès |
| Publicat: |
Belmont
Wadsworth
1962
|
| Edició: | 2a. ed |
| Matèries: | |
| Etiquetes: |
Afegir etiqueta
Sense etiquetes, Sigues el primer a etiquetar aquest registre!
|
MARC
| LEADER | 00000nam a2200000 a 4500 | ||
|---|---|---|---|
| 001 | UCQ0889 | ||
| 003 | CL-VaPUC | ||
| 008 | 980703e19620000US |||||||||||||||||eng|d | ||
| 082 | 0 | 4 | |a 330 |b MAR |2 21 |
| 100 | |a Mark, Shelley Muin |e autor |9 414280 | ||
| 700 | 0 | |a Slate, Daniel M |e author |9 414281 | |
| 245 | 1 | 0 | |a Economics in action: readings in current economic issues |
| 250 | |a 2a. ed | ||
| 300 | |a 462 p | ||
| 942 | |c BK | ||
| 945 | |d 19980703 00:00:00 |a crobeson | ||
| 260 | |a Belmont |b Wadsworth |c 1962 | ||
| 650 | 0 | |a Economía |9 255568 | |
| 650 | 0 | |a Economía política |9 255814 | |
| 650 | 0 | |a Crecimiento económico |9 314037 | |
| 650 | 0 | |a Distribución del ingreso |9 334288 | |
| 650 | 7 | |a ECONOMIA AGRICOLA |2 CL-VaPUC |9 357663 | |
| 650 | 7 | |a ECONOMIA DEL TRABAJO |2 CL-VaPUC |9 320317 | |
| 650 | 7 | |a ECONOMIA DE LA EMPRESA |2 CL-VaPUC |9 391714 | |
| 650 | 0 | |a Hacienda pública |9 258673 | |
| 650 | 0 | |a Bienestar social |9 255298 | |
| 650 | 0 | |a Equilibrio económico |9 322667 | |
| 650 | 0 | |a Política monetaria |9 258279 | |
| 650 | 0 | |a Política fiscal |9 317354 | |
| 650 | 7 | |a COMERCIO INTERNACIONAL |2 CL-VaPUC |9 414282 | |
| 650 | 7 | |a SUBDESARROLLO |2 CL-VaPUC |9 337696 | |
| 583 | |a last modification |c 19980703 00:00:00 |k Rodrigo Vera | ||
| 999 | |c 271916 |d 271914 | ||